Cantaria barroca (Registo nº 200677)

Detalhes MARC
000 -Etiqueta do registo
Valores 00602nam 22001813 4500
100 ## - Dados gerais de processamento
Dados gerais 20260220d u||y0pory50 ba
200 ## - Titulo e menção de responsabilidade
Título próprio Cantaria barroca
Primeira menção de responsabilidade Affonso Ávila
210 ## - Publicação
Local de publicação Rio de Janeiro
Nome do editor Maurício Andrés , Sebastião Nunes
Data de publicação 1975
215 ## - Descrição física 
Paginação / Volumes [68] p.
Outras indicações físicas il. ; brochado
Dimensões 22 cm
317 ## - Nota de proveniência
Texto da nota . - Oferta com dedicatória do escritor ao Prof. Dr. Almeida Faria
606 ## - Nome comum usado como assunto
ID Autoridade 3748
Palavra de ordem Literatura Brasileira Poesia
675 ## - CDU
Notação 821.134.3(81)-1"19/20"
Edição BR
Língua por
700 ## - Autor principal (pessoa individual)
ID Autoridade 16439
Apelido Ávila
Nome Affonso
Datas 1928-2012
801 ## - Fonte de origem
País PT
Agência BMMN
Regras de catalogação RPC
830 ## - Notas gerais do catalogador
Criado por Ana
Indexado por Ana
990 ## - Elementos KOHA
Tipo de documento Livro
Exemplares
Situação do levantamento Biblioteca de origem Código de barras Cota Permissão de empréstimo Tipo de documento Nota relativa ao exemplar Forma de aquisição
  Biblioteca Municipal de Montemor-o-Novo 29906 821.134.3(81)-1 AVI|SAF   Livro Acesso condicionado Oferta

Powered by Koha